| 000 | 00705nam a22002057a 4500 | ||
|---|---|---|---|
| 005 | 20100813141335.0 | ||
| 010 | _aENG-99979 | ||
| 020 | _c120.00 | ||
| 035 | _aEN-83511 | ||
| 037 | _bDBAD/PUB | ||
| 082 | _a330.1 | ||
| 100 |
_aThangapandiyan, J. _912646 |
||
| 245 |
_aEconomic theory / _cby J. Thangapandiyan |
||
| 260 |
_aErode _bGenius Publications _c2008 |
||
| 270 |
_aT/235, Indumethi Complex, Bhavani Main Road, Moolapattarai _bErode _e3 |
||
| 300 |
_a126p. _c21cm (pbk) |
||
| 650 |
_aEconomics _912647 |
||
| 942 |
_2ddc _cEN _h330.1 _mTHA |
||
| 999 |
_c41626 _d41626 |
||